| 000 | 00827nam a2200241 a 4500 | ||
|---|---|---|---|
| 005 | 20020626165708.0 | ||
| 008 | 000825s2001 nyu | b 00| 1 eng | ||
| 010 | _aENG-91576 | ||
| 020 |
_a9788124114384 _c250.00 |
||
| 035 | _aEN-75109 | ||
| 037 | _bDBAD / PUB | ||
| 040 |
_adpl _bEnglish |
||
| 082 | _aN | ||
| 100 | _aSubramanian, N.V. | ||
| 245 |
_aCourtesan of storms: _cby N.V. Subramanian _ba novel / |
||
| 260 |
_aNew Delhi _bHar-Anand Publications _c2008(repr.) |
||
| 270 |
_aE-49/3, Okhla Industrial Area, Phase-II, _bNew Delhi _e110020 |
||
| 300 |
_a139p. _c22cm (pbk) |
||
| 650 | _aEnglish fiction | ||
| 942 |
_2ddc _cEN _mSUB _hN |
||
| 999 |
_c18186 _d18186 |
||